Statistiques concernant Quiz carte d'Europe

Cliquez ici pour prendre le quiz!

Statistiques générales

  • Ce quiz a été pris 120 fois
  • Le résultat moyen est 16 sur 20

Réponses sur la Carte

Les réponses sont colorées sur une échelle allant du rouge au vert en fonction du pourcentage des utilisateurs qui les ont devinées à leur premier essai. Vous pouvez retrouver ces pourcentages ci-dessous.
 

Statistiques - réponses

Réponse% Correct
France
92%
Italie
91%
Portugal
91%
Danemark
89%
Irlande
89%
Suisse
89%
Finlande
86%
Monaco
86%
Pays-bas
85%
Saint-marin
85%
Pologne
84%
Liechtenstein
82%
Ukraine
81%
Autriche
80%
Roumanie
80%
Hongrie
75%
Albanie
72%
Monténégro
72%
Bulgarie
68%
Espagne
56%

Distribution des résultats

Percentile par nombre de réponses

% des personnes avec chaque résultat

Votre développement - résultats

Vous n’avez pas pris ce quiz